4th -5th gen kpop groups - Statistics

General Stats
  • This quiz has been taken 32 times
  • The average score is 42 of 51
Answer Stats
Answer % Correct
Bangchan
100%
Felix
100%
Han
100%
Heeseung
100%
Huening Kai
100%
Hyunjin
100%
IN
100%
Jake
100%
Jay
100%
Jungwon
100%
Leeknow
100%
Martin
100%
Seungmin
100%
Sunghoon
100%
Sunoo
100%
Yeonjun
100%
Beomgyu
97%
Changbin
97%
James
97%
Ni-ki
97%
Soobin
97%
Taehyun
97%
San
93%
Keonho
90%
Intak
86%
Keeho
86%
Soul
86%
Mingi
83%
Theo
83%
Wooyoung
83%
Jongseob
79%
Juhoon
79%
Seonghyeon
79%
Hongjoong
76%
Jiung
76%
Jongho
76%
Seonghwa
76%
Yunho
76%
Jaehyun
72%
Yeosang
72%
Riwoo
69%
Leehan
66%
Taesan
66%
Woonhak
66%
Gunil
45%
Gaon
41%
Junhan
41%
O.de
41%
Jooyeon
34%
Jungsu
34%
Sunho
34%
No matching quizzes found
Score Distribution
Percent of People with Each Score
Percentile by Number Answered
Your Score History
You have not taken this quiz